Normal view
MARC view
Entry Personal Name
001 - CONTROL NUMBER
- control field: 5922
003 - CONTROL NUMBER IDENTIFIER
- control field: OSt
005 - DATE AND TIME OF LATEST TRANSACTION
- control field: 20151029140146.0
008 - FIXED-LENGTH DATA ELEMENTS
- fixed length control field: 151029|| aca||aabn | a|a d
040 ## - CATALOGING SOURCE
- Original cataloging agency: OSt
- Transcribing agency: OSt
100 ## - HEADING--PERSONAL NAME
- Personal name: Hardman, John
670 ## - SOURCE DATA FOUND
- Source citation: Work cat.: (OSt): Hardman, John, Leading for regeneration:, 2012
